| 000 | 00843nam a2200301 a 4500 | ||
|---|---|---|---|
| 001 | 000111878 | ||
| 003 | CHAP | ||
| 005 | 20220329144233.0 | ||
| 008 | 150928s2013 mx |r| ||||||spa d | ||
| 010 | _a108339 | ||
| 011 | _a109311 | ||
| 020 | _a9786073220378 | ||
| 040 | _cCHAP | ||
| 082 | 0 | 4 |
_a574 _bA8 2013 |
| 100 | 0 | 0 |
_aAudesirk, Teresa. _98305 |
| 245 | 1 | 0 |
_aBiología : _bciencia y naturaleza / _cpor Teresa Audesirk, Gerald Audesirk y Bruce E. Byers. |
| 250 | _a3 ed. | ||
| 260 |
_aMéxico, D.F. : _bPearson - Educación, _c2013. |
||
| 300 |
_a723 p. : _bil. |
||
| 590 |
_aE11695DGD _b10 _c20150929 _lUCH01 _h0904 |
||
| 590 |
_aE5765TAJ _b05 _c20150928 _lUCH01 _h0841 |
||
| 650 | 1 | 4 |
_aBiología. _912773 |
| 700 | 0 |
_aAudesirk, Gerald. _98304 |
|
| 700 | 0 |
_aByers, Bruce E. _916492 |
|
| 901 | _aBK | ||
| 942 | _cLIBRO | ||
| 942 | _n0 | ||
| 999 |
_c108339 _d108339 |
||